000 00617nam a2200229Ia 4500
003 OSt
005 20220923214713.0
006 a|||||r|||| 00| 0
007 ta
008 220922b |||||||| |||| 00| 0 hin d
024 _a171,823
037 _cTextual
040 _aARTS
_cARTS
_bhin
041 _2hin
_ahin
082 _aO152:3N291:21, K2
100 _aराजेन्द्र
245 0 _aसावन की आंखें
246 _aSāvan kī āankhean
260 _c1962
942 _hO152:3N291:21, K2
_cTEXL
_2CC
999 _c325964
_d325964